[Event "Chigorin Memorial 2008"]
[Site "St. Petersburg RUS"]
[Date "2008.10.06"]
[Round "4.44"]
[White "Bodnaruk, Anastasia"]
[Black "Guzenko, Artem"]
[Result "1/2-1/2"]
[WhiteElo "2381"]
[BlackElo "2121"]
[PlyCount "109"]
[EventDate "2008.10.03"]
[EventType "swiss"]
[EventRounds "9"]
[EventCountry "RUS"]
[Source "lmi"]
[SourceDate "2008.10.03"]

1. e4 c5 2. Ne2 e6 3. Nbc3 a6 4. g3 b6 5. Bg2 Bb7 6. O-O Be7 7. d4 cxd4 8. Nxd4
Qc7 9. Re1 d6 10. f4 Nf6 11. a4 Nc6 12. Nxc6 Bxc6 13. Be3 O-O 14. g4 Nd7 15.
Qd2 Rfe8 16. Bf2 Rad8 17. Qe2 Bb7 18. Rad1 Bf8 19. g5 g6 20. Qg4 Bg7 21. Re3 f5
22. gxf6 Nxf6 23. Qh4 d5 24. exd5 exd5 25. Red3 d4 26. Bxd4 Bxg2 27. Bxf6 Rxd3
28. Rxd3 Bb7 29. Bxg7 Qc6 30. Rd5 Kxg7 31. Qg3 Qc7 32. Rd3 Qc5+ 33. Kf1 Qc6 34.
Rd5 Qc4+ 35. Rd3 Rf8 36. Ke1 Bc8 37. Qe3 Qxf4 38. Qxf4 Rxf4 39. Rd6 b5 40. Rc6
Bf5 41. axb5 axb5 42. Nxb5 Rb4 43. Nd6 Rxb2 44. Nxf5+ gxf5 45. Kd2 Rb4 46. Ke3
Rh4 47. c4 Rxh2 48. c5 Rh1 49. Rc8 Kf6 50. c6 Ke7 51. Kf4 Kd6 52. Kxf5 Rc1 53.
Rd8+ Kc7 54. Rd7+ Kxc6 55. Rxh7 1/2-1/2

[Event "Chigorin Memorial 2008"]
[Site "St. Petersburg RUS"]
[Date "2008.10.06"]
[Round "4.45"]
[White "Senkevich, Konstantin"]
[Black "Orlov, Oleg"]
[Result "0-1"]
[WhiteElo "2118"]
[BlackElo "2333"]
[PlyCount "58"]
[EventDate "2008.10.03"]
[EventType "swiss"]
[EventRounds "9"]
[EventCountry "RUS"]
[Source "lmi"]
[SourceDate "2008.10.03"]

1. e4 c5 2. Nf3 e6 3. d4 cxd4 4. Nxd4 a6 5. c4 Nf6 6. Bd3 Nc6 7. Nxc6 dxc6 8.
O-O e5 9. b3 Bc5 10. Bb2 Bd4 11. Nc3 Be6 12. Qe2 Ng4 13. h3 h5 14. hxg4 hxg4
15. g3 Rh3 16. Kg2 Qg5 17. Rh1 Qh5 18. Na4 O-O-O 19. Bxd4 Rh8 20. Qe1 exd4 21.
Rc1 f5 22. Nc5 f4 23. gxf4 Qxc5 24. Rxh3 Rxh3 25. f5 Qe5 26. Qg1 Qf4 27. Bb1
Qf3+ 28. Kf1 g3 29. fxe6 Rh1 0-1

[Event "Chigorin Memorial 2008"]
[Site "St. Petersburg RUS"]
[Date "2008.10.06"]
[Round "4.47"]
[White "Zykova, Antonina"]
[Black "Zakharchenko, Arnold"]
[Result "1/2-1/2"]
[WhiteElo "2092"]
[BlackElo "2288"]
[PlyCount "109"]
[EventDate "2008.10.03"]
[EventType "swiss"]
[EventRounds "9"]
[EventCountry "RUS"]
[Source "lmi"]
[SourceDate "2008.10.03"]

1. e4 Nf6 2. e5 Nd5 3. d4 Nb6 4. c4 d6 5. exd6 cxd6 6. Nc3 g6 7. Nf3 Bg7 8. h3
O-O 9. Be2 Nc6 10. O-O Bf5 11. Bg5 h6 12. Be3 Rc8 13. Rc1 Kh7 14. Re1 d5 15. c5
Nc4 16. Nxd5 Nxb2 17. Qb3 Be6 18. Qxb7 Qxd5 19. Qxb2 Rb8 20. Qd2 Rb4 21. a3 Ra4
22. Bb5 Rxa3 23. Bc4 Qf5 24. d5 Rd8 25. Nd4 Bxd4 26. Bxd4 Bxd5 27. Qb2 Ra4 28.
Bxd5 Qxd5 29. Be3 Rb8 30. Qe2 Qf5 31. Red1 Re4 32. Qa6 Re6 33. Qa2 Qe5 34. Rc4
Rb2 35. Qa4 Qb8 36. Rh4 h5 37. Ra1 Rb1+ 38. Rxb1 Qxb1+ 39. Kh2 Qb2 40. Rf4 Qe5
41. Kg1 f6 42. Qa2 g5 43. Ra4 Kg6 44. h4 Qf5 45. hxg5 fxg5 46. Qb2 Qd5 47. Qb1+
Kg7 48. Ra6 Rg6 49. Qb2+ Kf7 50. Qh8 h4 51. Qh7+ Rg7 52. Qh5+ Rg6 53. Qh7+ Rg7
54. Qh5+ Rg6 55. Qh7+ 1/2-1/2

[Event "Chigorin Memorial 2008"]
[Site "St. Petersburg RUS"]
[Date "2008.10.06"]
[Round "4.48"]
[White "Orlov, Anatoly"]
[Black "Valov, Ilya"]
[Result "0-1"]
[WhiteElo "2037"]
[BlackElo "2269"]
[PlyCount "164"]
[EventDate "2008.10.03"]
[EventType "swiss"]
[EventRounds "9"]
[EventCountry "RUS"]
[Source "lmi"]
[SourceDate "2008.10.03"]

1. e4 Nf6 2. Nc3 d5 3. exd5 Nxd5 4. Bc4 e6 5. Qf3 c6 6. d4 Nd7 7. Nge2 Qf6 8.
Qg3 Qg6 9. Nxd5 Qxg3 10. Nxg3 exd5 11. Bd3 Nf6 12. Bf4 Be6 13. O-O-O g6 14. f3
O-O-O 15. h4 h5 16. Rde1 Re8 17. Re2 Bg7 18. Be5 Rhg8 19. Kb1 Kd8 20. Rhe1 Nd7
21. Bxg7 Rxg7 22. f4 Nf6 23. c3 Bg4 24. Re5 Rgg8 25. Kc2 Bd7 26. Kd2 Re6 27.
Nf1 Ng4 28. Rxe6 Bxe6 29. Ne3 Nh6 30. g3 Re8 31. Nf1 Bf5 32. Be2 Kd7 33. Ne3
Kd6 34. Bf3 Re7 35. c4 Be4 36. c5+ Kd7 37. Bd1 Bf5 38. Bf3 Kd8 39. b4 Be4 40.
Be2 Bf5 41. Bf3 Be4 42. Bh1 b6 43. cxb6 axb6 44. a4 Kc7 45. b5 Kd6 46. bxc6
Bxh1 47. Rxh1 Kxc6 48. Rc1+ Kb7 49. Rb1 Nf5 50. Nxf5 gxf5 51. a5 Re6 52. Rb5
Ka6 53. Rxd5 bxa5 54. Rxf5 a4 55. Rxf7 a3 56. Rc7 Kb5 57. Rb7+ Kc4 58. Ra7 Kb3
59. Kd3 Rg6 60. Ke4 Rxg3 61. d5 Rc3 62. d6 Rc4+ 63. Kd5 Rxf4 64. d7 Rf1 65. Ra8
a2 66. Rb8+ Kc3 67. Ra8 a1=Q 68. Rxa1 Rxa1 69. Ke6 Re1+ 70. Kf7 Rf1+ 71. Ke7
Re1+ 72. Kf7 Rd1 73. Ke7 Kc4 74. d8=Q Rxd8 75. Kxd8 Kd4 76. Ke7 Ke5 77. Kf7 Kf5
78. Kg7 Kg4 79. Kg6 Kxh4 80. Kf5 Kg3 81. Ke4 h4 82. Ke3 h3 0-1

[Event "Chigorin Memorial 2008"]
[Site "St. Petersburg RUS"]
[Date "2008.10.06"]
[Round "4.49"]
[White "Vunder, Andrey"]
[Black "Zakharov, Yuri"]
[Result "1/2-1/2"]
[WhiteElo "2261"]
[BlackElo "2056"]
[PlyCount "105"]
[EventDate "2008.10.03"]
[EventType "swiss"]
[EventRounds "9"]
[EventCountry "RUS"]
[Source "lmi"]
[SourceDate "2008.10.03"]

1. d4 Nf6 2. c4 e6 3. Nf3 b6 4. e3 Bb7 5. Bd3 Bb4+ 6. Nc3 O-O 7. O-O Bxc3 8.
bxc3 Ne4 9. Ne1 f5 10. f3 Nf6 11. Qe2 d6 12. e4 Qd7 13. Nc2 Nc6 14. Bd2 fxe4
15. fxe4 e5 16. d5 Ne7 17. Bg5 Ng6 18. g3 Rf7 19. Bxf6 Rxf6 20. Rxf6 gxf6 21.
Ne3 Rf8 22. Rf1 Bc8 23. Rf2 Qh3 24. Qd1 Qh6 25. Qd2 Qg5 26. Kh1 a5 27. Bf1 Bd7
28. Bd3 Kh8 29. Qe2 Ne7 30. Qf3 Kg7 31. h4 Qh6 32. Kh2 Qg6 33. Bf1 h6 34. Bh3
Bxh3 35. Kxh3 h5 36. Rg2 Kh7 37. g4 hxg4+ 38. Rxg4 Qf7 39. Nf5 Ng6 40. Kh2 Rg8
41. Rxg6 Qxg6 42. Ne7 Qg4 43. Qf2 Rg7 44. Nf5 Rg6 45. Ne7 Rh6 46. Nf5 Rh5 47.
Qg3 Qxg3+ 48. Kxg3 Kg6 49. Kg4 a4 50. Ne7+ Kh6 51. Ng8+ Kg6 52. Ne7+ Kh6 53.
Ng8+ 1/2-1/2

[Event "Chigorin Memorial 2008"]
[Site "St. Petersburg RUS"]
[Date "2008.10.06"]
[Round "4.50"]
[White "Yankovsky, Roman"]
[Black "Chernov, Vladimir E"]
[Result "1-0"]
[WhiteElo "2255"]
[BlackElo "2040"]
[PlyCount "73"]
[EventDate "2008.10.03"]
[EventType "swiss"]
[EventRounds "9"]
[EventCountry "RUS"]
[Source "lmi"]
[SourceDate "2008.10.03"]

1. e4 c5 2. Nf3 Nc6 3. d4 cxd4 4. Nxd4 Nf6 5. Nc3 e5 6. Ndb5 d6 7. Bg5 a6 8.
Na3 b5 9. Nd5 Be7 10. Bxf6 Bxf6 11. c3 O-O 12. Nc2 Rb8 13. a4 bxa4 14. Ncb4
Nxb4 15. cxb4 Bg5 16. Rxa4 Kh8 17. Bxa6 Bd7 18. b5 Bxb5 19. Bxb5 Rxb5 20. b4
Qb8 21. O-O f5 22. f3 Qb7 23. Qd3 Bd8 24. Rd1 fxe4 25. fxe4 Bb6+ 26. Kh1 Bd4
27. Rf1 Rb8 28. Ra2 h6 29. Rc2 Rxd5 30. exd5 Qxd5 31. Qf5 Qb7 32. Rfc1 Rd8 33.
Rc8 Bb6 34. Rxd8+ Bxd8 35. Qf8+ Kh7 36. Qxd8 Qxb4 37. Rd1 1-0

[Event "Chigorin Memorial 2008"]
[Site "St. Petersburg RUS"]
[Date "2008.10.06"]
[Round "4.53"]
[White "Denisov, Ivan"]
[Black "Frakin, Nikolay"]
[Result "1-0"]
[WhiteElo "2189"]
[BlackElo "1953"]
[PlyCount "75"]
[EventDate "2008.10.03"]
[EventType "swiss"]
[EventRounds "9"]
[EventCountry "RUS"]
[Source "lmi"]
[SourceDate "2008.10.03"]

1. e4 e5 2. Nf3 Nc6 3. Bb5 a6 4. Bxc6 dxc6 5. O-O Qd6 6. Na3 Be6 7. c3 O-O-O 8.
d4 f6 9. Qe2 Bg4 10. Be3 Qe6 11. b4 exd4 12. Bxd4 Bxb4 13. Nc2 c5 14. cxb4 cxd4
15. Ncxd4 Qb6 16. Qb2 Bxf3 17. Nxf3 Ne7 18. Rad1 Nc6 19. a3 Qb5 20. Qc3 Rhe8
21. Nd4 Qe5 22. Qh3+ Kb8 23. Nxc6+ bxc6 24. Rxd8+ Rxd8 25. Qxh7 g5 26. h3 Qd4
27. Qf5 Rd6 28. a4 Kb7 29. g3 Rd8 30. Rc1 Rd6 31. Kg2 Qxb4 32. e5 Rd2 33. Rb1
Rb2 34. Rxb2 Qxb2 35. exf6 Qb4 36. f7 Qf8 37. Qe6 Qc5 38. Qe8 1-0

[Event "Chigorin Memorial 2008"]
[Site "St. Petersburg RUS"]
[Date "2008.10.06"]
[Round "4.56"]
[White "Lupik, Marina"]
[Black "Grechishkin, Vitaly"]
[Result "1-0"]
[WhiteElo "2166"]
[BlackElo "1861"]
[PlyCount "67"]
[EventDate "2008.10.03"]
[EventType "swiss"]
[EventRounds "9"]
[EventCountry "RUS"]
[Source "lmi"]
[SourceDate "2008.10.03"]

1. d4 d5 2. c4 e6 3. Nf3 Nf6 4. Nc3 Be7 5. Bg5 Nbd7 6. e3 h6 7. Bh4 c6 8. Bd3
dxc4 9. Bxc4 Nd5 10. Bg3 O-O 11. e4 Nxc3 12. bxc3 Nf6 13. Qe2 b5 14. Bd3 Nh5
15. e5 g6 16. Qe4 Bd7 17. Nh4 Be8 18. O-O Ng7 19. Nf3 Nf5 20. Bf4 Kg7 21. Bd2
Nh4 22. Nxh4 Bxh4 23. f4 Qd5 24. Qe2 Qd7 25. g4 Be7 26. f5 f6 27. exf6+ Bxf6
28. fxe6 Qd5 29. Rae1 c5 30. Be4 Bxd4+ 31. cxd4 Qxd4+ 32. Be3 Rxf1+ 33. Rxf1
Qxe4 34. Bxh6+ 1-0

[Event "Chigorin Memorial 2008"]
[Site "St. Petersburg RUS"]
[Date "2008.10.06"]
[Round "4.57"]
[White "Minina, Veronika"]
[Black "De Luna Butz, Albert"]
[Result "1/2-1/2"]
[WhiteElo "2153"]
[BlackElo "1830"]
[PlyCount "66"]
[EventDate "2008.10.03"]
[EventType "swiss"]
[EventRounds "9"]
[EventCountry "RUS"]
[Source "lmi"]
[SourceDate "2008.10.03"]

1. Nf3 Nf6 2. d4 d5 3. c4 c6 4. e3 Bg4 5. Be2 Nbd7 6. O-O dxc4 7. Bxc4 Bxf3 8.
Qxf3 e5 9. Nc3 exd4 10. exd4 Be7 11. Bb3 O-O 12. d5 c5 13. Bf4 Qb6 14. Rad1 Bd6
15. Bxd6 Qxd6 16. Bc2 a6 17. Bf5 Ne5 18. Qh3 Ng6 19. Bxg6 hxg6 20. Qh4 Qd7 21.
Rd3 Qg4 22. Qxg4 Nxg4 23. d6 Rfd8 24. Rfd1 Nf6 25. d7 b5 26. Nd5 Nxd5 27. Rxd5
Ra7 28. f4 c4 29. Kf2 Kf8 30. R1d4 Ke7 31. Re4+ Kf8 32. Red4 Ke7 33. Re4+ Kf8
1/2-1/2

[Event "Chigorin Memorial 2008"]
[Site "St. Petersburg RUS"]
[Date "2008.10.06"]
[Round "4.59"]
[White "Balaian, Alina"]
[Black "Donskov, Anatoly"]
[Result "0-1"]
[WhiteElo "1934"]
[BlackElo "2131"]
[PlyCount "62"]
[EventDate "2008.10.03"]
[EventType "swiss"]
[EventRounds "9"]
[EventCountry "RUS"]
[Source "lmi"]
[SourceDate "2008.10.03"]

1. e4 e6 2. Nc3 d5 3. Nf3 d4 4. Ne2 c5 5. c3 Nf6 6. e5 Nfd7 7. cxd4 cxd4 8.
Nexd4 Nxe5 9. Bb5+ Nec6 10. Nxc6 Nxc6 11. O-O Bd7 12. d4 Be7 13. d5 exd5 14.
Qxd5 O-O 15. Qe4 Bf6 16. Rd1 Re8 17. Qf4 Qe7 18. Be3 Bxb2 19. Rab1 Bf6 20. Rbc1
Rad8 21. Bc5 Qe6 22. Qc7 Ne5 23. Bxd7 Rxd7 24. Rxd7 Nxd7 25. Bxa7 Ne5 26. Nd4
Qxa2 27. Qc8 Qa4 28. Qxb7 Nd3 29. Rf1 Bxd4 30. Bxd4 Qxd4 31. Qb5 Rd8 0-1

[Event "Chigorin Memorial 2008"]
[Site "St. Petersburg RUS"]
[Date "2008.10.06"]
[Round "4.60"]
[White "Fokin, Anatoly"]
[Black "Kuzevanova, Evgenia"]
[Result "1-0"]
[WhiteElo "1919"]
[BlackElo "2179"]
[PlyCount "67"]
[EventDate "2008.10.03"]
[EventType "swiss"]
[EventRounds "9"]
[EventCountry "RUS"]
[Source "lmi"]
[SourceDate "2008.10.03"]

1. d4 Nf6 2. c4 g6 3. Nc3 d5 4. e3 Bg7 5. Nf3 O-O 6. h3 c5 7. b3 Nc6 8. Bb2 Qa5
9. Qd2 cxd4 10. exd4 Bf5 11. a3 Rfd8 12. b4 Qc7 13. cxd5 Nxd5 14. Nxd5 Rxd5 15.
Bc4 Nxd4 16. Bxd5 Nc2+ 17. Kf1 Bxb2 18. Ra2 Bc3 19. Rxc2 Bxc2 20. Qxc2 e6 21.
Bb3 a5 22. b5 a4 23. Ba2 Qc5 24. g3 Qxa3 25. Kg2 Bb2 26. Qc4 Qd6 27. h4 h5 28.
Re1 a3 29. Ng5 Qd7 30. Re3 Rd8 31. Rf3 Rc8 32. Qe4 Rf8 33. Nxf7 Kg7 34. Ne5 1-0

[Event "Chigorin Memorial 2008"]
[Site "St. Petersburg RUS"]
[Date "2008.10.06"]
[Round "4.61"]
[White "Sorokina, Anastasia"]
[Black "Sarkisov, Vladimir"]
[Result "1-0"]
[WhiteElo "2068"]
[BlackElo "1964"]
[PlyCount "119"]
[EventDate "2008.10.03"]
[EventType "swiss"]
[EventRounds "9"]
[EventCountry "RUS"]
[Source "lmi"]
[SourceDate "2008.10.03"]

1. d4 d5 2. c4 dxc4 3. Nf3 Bg4 4. e3 Nf6 5. Bxc4 e6 6. O-O Nbd7 7. h3 Bh5 8.
Qe2 Bd6 9. Rd1 O-O 10. e4 Bxf3 11. Qxf3 e5 12. d5 h6 13. Bb3 Re8 14. Nd2 Nc5
15. Bc2 Nh7 16. Nf1 Qf6 17. Qe2 Bf8 18. Ng3 g6 19. Be3 h5 20. Rac1 h4 21. Nf1
Red8 22. Bb1 b6 23. b4 Nd7 24. Bd2 Bd6 25. Ne3 Qe7 26. a3 Ndf6 27. Nc4 Rdc8 28.
Bd3 Nh5 29. Qg4 Rd8 30. Re1 Kg7 31. f4 N7f6 32. Qxh4 Nxd5 33. Qxe7 Nxe7 34.
fxe5 Bc5+ 35. bxc5 Rxd3 36. cxb6 axb6 37. Bg5 Nc6 38. Nxb6 cxb6 39. Rxc6 b5 40.
Rc7 Rdxa3 41. Rf1 Ra1 42. Bc1 Ng3 43. Rfxf7+ Kg8 44. Kh2 Rxc1 45. Rxc1 Kxf7 46.
Kxg3 Ke6 47. Rc5 Rb8 48. Kf4 b4 49. Rc6+ Ke7 50. Rc2 Ke6 51. h4 Ra8 52. Ke3 b3
53. Rc6+ Kxe5 54. Rc5+ Ke6 55. Rb5 Rh8 56. g3 g5 57. hxg5 Rh3 58. Kf4 Kf7 59.
Rxb3 Kg6 60. Rb6+ 1-0

[Event "Chigorin Memorial 2008"]
[Site "St. Petersburg RUS"]
[Date "2008.10.06"]
[Round "4.62"]
[White "Atlas, Eduard"]
[Black "Stroganov, Anatoly"]
[Result "1/2-1/2"]
[WhiteElo "2067"]
[BlackElo "1953"]
[PlyCount "111"]
[EventDate "2008.10.03"]
[EventType "swiss"]
[EventRounds "9"]
[EventCountry "RUS"]
[Source "lmi"]
[SourceDate "2008.10.03"]

1. Nf3 Nf6 2. g3 Nc6 3. d4 e6 4. Bg2 d5 5. O-O Be7 6. b3 O-O 7. Bb2 Re8 8. Nbd2
Ne4 9. Nxe4 dxe4 10. Ne5 f5 11. Nxc6 bxc6 12. c4 Bf6 13. e3 c5 14. f3 exf3 15.
Qxf3 Rb8 16. Rad1 Bb7 17. Qf2 cxd4 18. exd4 Qc8 19. Rfe1 Bxg2 20. Qxg2 Qa6 21.
Bc1 Rbd8 22. Be3 Qa5 23. Qf2 c6 24. Kf1 Qc7 25. Qf3 Qb7 26. Bf2 a5 27. d5 cxd5
28. cxd5 Qb5+ 29. Kg1 Qb7 30. Kg2 g6 31. dxe6 Qxf3+ 32. Kxf3 Rxd1 33. Rxd1 Rxe6
34. Rd5 Bc3 35. Bd4 Bb4 36. Rd8+ Kf7 37. Rh8 h5 38. Rh7+ Kg8 39. Rg7+ Kf8 40.
Rc7 Ke8 41. Bc3 Ra6 42. Bxb4 axb4 43. Rb7 g5 44. Rxb4 Rxa2 45. h4 g4+ 46. Kf4
Rf2+ 47. Kg5 Rf3 48. Rf4 Rxg3 49. Rxf5 Rxb3 50. Kxh5 g3 51. Re5+ Kf7 52. Re2
Rb8 53. Kg4 Rg8+ 54. Kh3 Kf6 55. Rg2 Kf5 56. Rxg3 1/2-1/2

[Event "Chigorin Memorial 2008"]
[Site "St. Petersburg RUS"]
[Date "2008.10.06"]
[Round "4.63"]
[White "Kopasov, Evgeny"]
[Black "Platonova, Lubov"]
[Result "1-0"]
[WhiteElo "2046"]
[BlackElo "1919"]
[PlyCount "109"]
[EventDate "2008.10.03"]
[EventType "swiss"]
[EventRounds "9"]
[EventCountry "RUS"]
[Source "lmi"]
[SourceDate "2008.10.03"]

1. d4 Nf6 2. c4 g6 3. Nc3 Bg7 4. e4 d6 5. f3 O-O 6. Be3 c6 7. Bd3 e5 8. d5 Nbd7
9. Nge2 Ne8 10. O-O f5 11. exf5 gxf5 12. Rc1 a5 13. Bb1 c5 14. Qd2 Qe7 15. Bg5
Qf7 16. Ng3 Nb6 17. b3 Bd7 18. a4 Kh8 19. Kh1 Nc8 20. Nb5 Ne7 21. Bxe7 Qxe7 22.
Nh5 Bf6 23. Nxf6 Qxf6 24. Rg1 Rg8 25. Rcf1 Qg5 26. f4 Qh6 27. Qc3 Qf6 28. fxe5
dxe5 29. Qh3 Rg4 30. Qxg4 fxg4 31. Rxf6 Nxf6 32. Nd6 b6 33. Nf7+ Kg7 34. Nxe5
Re8 35. Re1 h5 36. g3 Bc8 37. Kg2 Nd7 38. Nd3 Rxe1 39. Nxe1 Kf6 40. Kf2 Ke5 41.
Ke3 Bb7 42. Nd3+ Kf6 43. Nf4 Kg5 44. Bg6 Nf6 45. Bf7 Bc8 46. Be6 Bb7 47. h4+
gxh3 48. Nxh3+ Kg6 49. Kf4 Ba6 50. Ke5 Ng4+ 51. Kd6 Ne3 52. Kc7 Bxc4 53. bxc4
Nxc4 54. d6 Ne5 55. d7 1-0

[Event "Chigorin Memorial 2008"]
[Site "St. Petersburg RUS"]
[Date "2008.10.06"]
[Round "4.66"]
[White "Babaev, Oleg"]
[Black "Androsov, Sergey"]
[Result "0-1"]
[WhiteElo "1842"]
[BlackElo "2078"]
[PlyCount "74"]
[EventDate "2008.10.03"]
[EventType "swiss"]
[EventRounds "9"]
[EventCountry "RUS"]
[Source "lmi"]
[SourceDate "2008.10.03"]

1. e4 e5 2. Nf3 Nc6 3. Bc4 Be7 4. O-O Nf6 5. Nc3 O-O 6. d3 d6 7. h3 Na5 8. Bb3
c6 9. Be3 Nxb3 10. axb3 b6 11. d4 Qc7 12. Ne1 Bb7 13. f4 a6 14. g4 exd4 15.
Bxd4 c5 16. e5 cxd4 17. exf6 dxc3 18. fxe7 Qxe7 19. bxc3 Qe3+ 20. Kh2 Qxc3 21.
Nf3 Rac8 22. Rc1 Rfe8 23. Rf2 Qe3 24. Kg3 Rc3 25. Ra1 b5 26. Rc1 Qc5 27. b4
Qxb4 28. Rb1 Qc5 29. Rb3 Ree3 30. Rxc3 Rxc3 31. g5 Qc6 32. f5 a5 33. g6 hxg6
34. f6 Rxf3+ 35. Rxf3 Qxf3+ 36. Qxf3 Bxf3 37. Kxf3 a4 0-1

[Event "Chigorin Memorial 2008"]
[Site "St. Petersburg RUS"]
[Date "2008.10.06"]
[Round "4.67"]
[White "Fedoseeva, Valentina"]
[Black "Airumian, Sergei"]
[Result "1-0"]
[WhiteElo "1756"]
[BlackElo "2070"]
[PlyCount "57"]
[EventDate "2008.10.03"]
[EventType "swiss"]
[EventRounds "9"]
[EventCountry "RUS"]
[Source "lmi"]
[SourceDate "2008.10.03"]

1. e4 c5 2. Nf3 e6 3. d4 cxd4 4. Nxd4 Nf6 5. Nc3 d6 6. Be3 Nc6 7. Be2 Be7 8.
Qd2 a6 9. O-O O-O 10. f4 Nxd4 11. Bxd4 e5 12. Be3 Qc7 13. Qe1 b5 14. Qg3 Kh8
15. a3 Bb7 16. Bf3 Rfe8 17. Rad1 Bf8 18. f5 Qc6 19. Bg5 Be7 20. Kh1 a5 21. Nd5
Nxd5 22. exd5 Qxc2 23. Bxe7 Rxe7 24. f6 gxf6 25. Qh4 Qg6 26. Be4 Qg7 27. Rd3
Bxd5 28. Rg3 Qxg3 29. Qxh7# 1-0

[Event "Chigorin Memorial 2008"]
[Site "St. Petersburg RUS"]
[Date "2008.10.06"]
[Round "4.68"]
[White "Kosov, Igor"]
[Black "Efremova, Daria"]
[Result "0-1"]
[WhiteElo "1746"]
[BlackElo "1933"]
[PlyCount "80"]
[EventDate "2008.10.03"]
[EventType "swiss"]
[EventRounds "9"]
[EventCountry "RUS"]
[Source "lmi"]
[SourceDate "2008.10.03"]

1. d4 Nf6 2. c4 e6 3. Nc3 Bb4 4. Qc2 c5 5. a3 Qa5 6. e3 Bxc3+ 7. Qxc3 Qxc3+ 8.
bxc3 b6 9. Bd3 Ba6 10. Nf3 Nc6 11. Ke2 Na5 12. Nd2 Rc8 13. Bb2 O-O 14. Rac1 Ne8
15. a4 Nd6 16. dxc5 bxc5 17. Ba3 f5 18. Rb1 Rc6 19. Rb2 Ndxc4 20. Nxc4 Bxc4 21.
Rhb1 Rfc8 22. f3 Bxd3+ 23. Kxd3 c4+ 24. Ke2 Nb3 25. Rd1 d5 26. f4 Ra6 27. a5
Rxa5 28. Bd6 Rb5 29. Ra2 a5 30. Ra4 Nc5 31. Ra2 Nd3 32. Rxd3 cxd3+ 33. Kxd3 Rc4
34. h3 a4 35. Bb4 Rbxb4 36. cxb4 Rxb4 37. Ra3 Kf7 38. Kc3 Rc4+ 39. Kd3 e5 40.
fxe5 Ke6 0-1

[Event "Chigorin Memorial 2008"]
[Site "St. Petersburg RUS"]
[Date "2008.10.07"]
[Round "5.2"]
[White "Savchenko, Boris"]
[Black "Vorobiov, Evgeny E"]
[Result "1/2-1/2"]
[WhiteElo "2648"]
[BlackElo "2577"]
[PlyCount "65"]
[EventDate "2008.10.03"]
[EventType "swiss"]
[EventRounds "9"]
[EventCountry "RUS"]
[Source "lmi"]
[SourceDate "2008.10.03"]

1. e4 c5 2. Nf3 e6 3. d3 Nc6 4. g3 d5 5. Nbd2 g6 6. Bg2 Bg7 7. O-O Nge7 8. Re1
b6 9. e5 Qc7 10. Qe2 Bb7 11. h4 h6 12. Nf1 Nd4 13. Nxd4 cxd4 14. Bf4 g5 15.
hxg5 Ng6 16. Qd2 hxg5 17. Bxg5 Nxe5 18. Qf4 Rf8 19. Bf6 Bxf6 20. Qxf6 Nd7 21.
Qxd4 O-O-O 22. Qc3 Qxc3 23. bxc3 Nc5 24. Nd2 b5 25. Rab1 a6 26. Rb4 Rd7 27. d4
Na4 28. c4 dxc4 29. Nxc4 Bxg2 30. Kxg2 Rc7 31. Ne3 Rd8 32. c4 Rxd4 33. a3
1/2-1/2

[Event "Chigorin Memorial 2008"]
[Site "St. Petersburg RUS"]
[Date "2008.10.07"]
[Round "5.3"]
[White "Amonatov, Farrukh"]
[Black "Eliseev, Alexei"]
[Result "1-0"]
[WhiteElo "2634"]
[BlackElo "2395"]
[PlyCount "129"]
[EventDate "2008.10.03"]
[EventType "swiss"]
[EventRounds "9"]
[EventCountry "RUS"]
[Source "lmi"]
[SourceDate "2008.10.03"]

1. e4 c6 2. d4 d5 3. Nc3 g6 4. h3 Bg7 5. Nf3 dxe4 6. Nxe4 Nd7 7. Bd3 Ngf6 8.
Nxf6+ Nxf6 9. O-O O-O 10. Re1 Bf5 11. Bxf5 gxf5 12. c3 e6 13. Bf4 Nd5 14. Bg5
Bf6 15. Bh6 Bg7 16. Bxg7 Kxg7 17. Qd2 Ne7 18. h4 Kh8 19. Ne5 Ng6 20. Nxg6+ hxg6
21. Qh6+ Kg8 22. Re3 Qf6 23. h5 Qg7 24. Qg5 Rfe8 25. Rg3 f6 26. Qxg6 Qxg6 27.
hxg6 Kg7 28. Re1 Re7 29. f4 Rh8 30. b4 Ra8 31. Kf2 Rh8 32. Rge3 Rhe8 33. Rh1
Kxg6 34. Rg3+ Kf7 35. Rh7+ Kf8 36. Rh8+ Kf7 37. Rh6 e5 38. Rgg6 exf4 39. Rxf6+
Kg7 40. Rhg6+ Kh7 41. Rh6+ Kg7 42. Rfg6+ Kf7 43. Rd6 Kg7 44. Rhg6+ Kh7 45. Rgf6
Rg8 46. Rxf5 Rg3 47. c4 Rc3 48. c5 a5 49. bxa5 Ra3 50. Rxf4 Rxa5 51. g4 Rxa2+
52. Kg3 Kg7 53. Kh4 Rae2 54. Rff6 Kg8 55. Kg5 Re1 56. Rg6+ Kf7 57. Rh6 Kg7 58.
Rdg6+ Kf7 59. Rh7+ Ke8 60. Rg8+ Kd7 61. Rgg7 Rxg7+ 62. Rxg7+ Kc8 63. Rf7 Re4
64. Rf4 Re8 65. Kh6 1-0

[Event "Chigorin Memorial 2008"]
[Site "St. Petersburg RUS"]
[Date "2008.10.07"]
[Round "5.5"]
[White "Aleksandrov, Aleksey"]
[Black "Sivokho, Sergey"]
[Result "1-0"]
[WhiteElo "2617"]
[BlackElo "2486"]
[PlyCount "67"]
[EventDate "2008.10.03"]
[EventType "swiss"]
[EventRounds "9"]
[EventCountry "RUS"]
[Source "lmi"]
[SourceDate "2008.10.03"]

1. d4 Nf6 2. c4 c5 3. d5 b5 4. cxb5 a6 5. bxa6 g6 6. Nc3 Bxa6 7. g3 Bg7 8. Bg2
d6 9. Nf3 Nbd7 10. Rb1 Nb6 11. b3 Bc8 12. Nh4 h6 13. Qc2 Qd7 14. Bb2 Bb7 15.
O-O O-O 16. Rfd1 Rfc8 17. e4 c4 18. Ba1 Rc7 19. Nf3 cxb3 20. Qxb3 Na4 21. Nd4
Nc5 22. Qc2 Ba6 23. Nc6 Ng4 24. Nb5 Bxb5 25. Rxb5 Rb7 26. Rxb7 Qxb7 27. e5 h5
28. h3 Nh6 29. Bd4 Na4 30. Rb1 Qc7 31. Rb4 Nc5 32. Qb1 Bxe5 33. Nxe5 dxe5 34.
Be3 1-0

[Event "Chigorin Memorial 2008"]
[Site "St. Petersburg RUS"]
[Date "2008.10.07"]
[Round "5.7"]
[White "Rozum, Ivan"]
[Black "Popov, Valerij"]
[Result "1/2-1/2"]
[WhiteElo "2439"]
[BlackElo "2542"]
[PlyCount "27"]
[EventDate "2008.10.03"]
[EventType "swiss"]
[EventRounds "9"]
[EventCountry "RUS"]
[Source "lmi"]
[SourceDate "2008.10.03"]

1. d4 Nf6 2. c4 e6 3. g3 d5 4. Nf3 Bb4+ 5. Bd2 Be7 6. Bg2 O-O 7. O-O c6 8. Qc2
a5 9. Bf4 Nbd7 10. Rd1 b5 11. cxb5 cxb5 12. Ne5 Bb7 13. Nc6 Qe8 14. a4 1/2-1/2

[Event "Chigorin Memorial 2008"]
[Site "St. Petersburg RUS"]
[Date "2008.10.07"]
[Round "5.8"]
[White "Kotenko, Pavel"]
[Black "Yevseev, Denis"]
[Result "0-1"]
[WhiteElo "2402"]
[BlackElo "2534"]
[PlyCount "76"]
[EventDate "2008.10.03"]
[EventType "swiss"]
[EventRounds "9"]
[EventCountry "RUS"]
[Source "lmi"]
[SourceDate "2008.10.03"]

1. e4 c6 2. d4 d5 3. e5 Bf5 4. Nf3 e6 5. Be2 c5 6. Be3 Nd7 7. c4 Ne7 8. Nc3
dxc4 9. Bxc4 a6 10. dxc5 Nc6 11. Qe2 Bxc5 12. Bxc5 Nxc5 13. Rd1 Qe7 14. Qe3 O-O
15. O-O Bg4 16. Ne2 Bxf3 17. gxf3 Rac8 18. f4 b5 19. Bd3 Nxd3 20. Rxd3 Nb4 21.
Rd6 Nd5 22. Qd2 Qh4 23. Rxa6 Rc4 24. Ra3 Rfc8 25. Rg3 Rc2 26. Rc1 Rxc1+ 27.
Nxc1 Nxf4 28. Ne2 Ng6 29. f4 h6 30. b3 Rd8 31. Qe1 Kh8 32. Qf2 Rd1+ 33. Kg2 Qd8
34. Re3 Nh4+ 35. Kh3 Nf5 36. Rf3 b4 37. Ng3 Rd2 38. Ne2 Qa8 0-1